000 00405nam a2200157 a 4500
020 _a2040156917 :
040 _cDLC
082 0 0 _a330 DUN 1984 A074 Or.
100 1 _aBillaudot, Bernard.
245 1 0 _aEconomie descriptive :
_bétat de l'économie /
260 _a[Paris] :
_bDunod,
_cc1984.
300 _ax, 414 p. :
_bill. ;
_c24 cm.
500 _aIncludes index.
650 0 _aEconomics.
942 _cFB
999 _c15139
_d15139